000
00273nam a2200133Ia 4500
100
_a
Matousek
650
_a
Chemistry
942
_c
BK
654
_a
Design
245
_a
Engineering Design
260
_b
Blackie & Son Ltd
_c
2001
082
_a
620.004
546
_a
ENGLISH
999
_c
32172
_d
32172